Statistics for Brooklyn Nets NBA All-Stars

Click here to take the quiz!

General Stats

  • This quiz has been taken 798 times
    (663 since last reset)
  • The average score is 10 of 18

Answer Stats

Players#Last% Correct
Kevin Durant32023
97%
Kyrie Irving22023
97%
James Harden22022
92%
Jason Kidd52008
91%
Brook Lopez12013
83%
Vince Carter22007
71%
Buck Williams31986
68%
D'Angelo Russell12019
67%
Deron Williams12012
67%
Jayson Williams11998
67%
Joe Johnson12014
49%
Kenyon Martin12004
43%
Derrick Coleman11994
34%
Devin Harris12009
29%
Stephon Marbury12001
20%
Kenny Anderson11994
19%
Michael Ray Richardson11985
17%
Otis Birdsong11984
10%

Score Distribution

Percentile by Number Answered

Percent of People with Each Score

Your Score History

You have not taken this quiz since the last reset